|
|
|
|
| LEADER |
00000nkm a2200000 a 4500 |
| 001 |
vtls011844619 |
| 003 |
SK-MaSNL |
| 005 |
20260512124759.0 |
| 007 |
kp bo |
| 008 |
240131s1961 xo g kuslo |
| 015 |
|
|
|a SNBG1961
|
| 035 |
|
|
|a urn:nbn:sk:snk-km00dvtn
|
| 035 |
|
|
|a urn:nbn:sk:snk-km3ls8i
|
| 035 |
|
|
|a C0D19EA5-C5F5-4EAB-AEE0-11B5F6D3CD3A
|
| 040 |
|
|
|a SNK
|b slo
|c SNK
|e AACR2
|
| 041 |
0 |
|
|a slo
|
| 043 |
|
|
|a e-pl---
|a e-xo---
|
| 044 |
|
|
|a xo
|c SK
|
| 072 |
|
7 |
|a 913
|x Regionálna geografia
|2 konspekt
|
| 080 |
|
|
|a 913(437.6)
|2 2011
|
| 080 |
|
|
|a 556.55
|2 2011
|
| 080 |
|
|
|a (084.121)
|2 2011
|
| 080 |
|
|
|a (234.372.4)
|2 2011
|
| 080 |
|
|
|a 913(438)
|2 2011
|
| 245 |
0 |
0 |
|a Kvetnica - v pozadí Vysoké Tatry
|h grafika
|
| 260 |
|
|
|a Bratislava
|b Slovenské vydavateľstvo politickej literatúry
|c 1961
|
| 300 |
|
|
|a 1 pohľadnica
|b čiernobiela
|c 11 x 15 cm
|
| 520 |
8 |
|
|a Zobrazenie: Pohľad spoza jazera na Kvetnicu, v pozadí vidno strechy budov. V diaľke za nimi na horizonte vidno zasnežené vrcholky Vysokých Tatier. Vľavo aj vpravo v pozadí vidno husté ihličnaté stromy, po okraji jazera rastú aj listnaté stromy, na zábere bez lístia. Vľavo v popredí je ihličnatý strom na okraji brehu. Vpravo je tiež vidno ihličnatý strom na okraji brehu
|
| 650 |
0 |
7 |
|a jazerá
|2 SNKPH
|9 19987
|
| 651 |
|
7 |
|a Kvetnica (Poprad, Slovensko)
|2 SNKPHgeo
|9 54578
|
| 651 |
|
7 |
|a Vysoké Tatry (Poľsko a Slovensko : pohorie)
|2 SNKPHgeo
|9 67729
|
| 655 |
|
7 |
|a miestne pohľadnice
|2 SNKPH
|9 70510
|
| 852 |
|
|
|a Slovenská národná knižnica
|
| 958 |
|
|
|a GBN
|
| 958 |
|
|
|a GC
|
| 958 |
|
|
|a OND
|
| 958 |
|
|
|a EUIPO
|
| 999 |
|
|
|c 945926
|d 947856
|
| 952 |
|
|
|a SNK
|b SNK
|y PREZ
|7 0
|p 17A0466068
|o snkSP 16786
|z Pohľadnica prešla poštou.
|0 0
|1 0
|4 0
|d 2019-03-07
|f 1
|l 0
|r 2026-02-24 09:32:53
|w 2026-02-24
|